000 00925nam a2200277 a 4500
001 58859
003 BD-RjUL
005 20211209080650.0
008 161220s2004 gw a b 000 0 eng
020 _a3540404910 (alk. paper)
035 _a(BD-RjUL)58983
040 _aDLC
_cDLC
_dBD-RjUL
_beng
041 _aeng
082 0 0 _a658.5
_223
_bSUP 2004
245 0 0 _aSupply chain management and reverse logistics /
_cHarald Dyckhoff, Richard Lackes, Joachim Reese, editors.
260 _aBerlin ;
_aNew York :
_bSpringer,
_cc2004.
300 _axviii, 426 p. :
_bill. ;
_c23 cm.
504 _aIncludes bibliographical references.
650 0 _aBusiness logistics.
_9175001
650 0 _aBusiness logistics
_xEnvironmental aspects.
_9175002
700 1 _aDyckhoff, H.
_q(Harald)
_9175003
700 1 _aLackes, Richard.
_9175004
700 1 _aReese, J.
_q(Joachim)
_9175005
942 _2ddc
_cBK
999 _c58859
_d58859